| 000 | 01299namaa22003131i 4500 | ||
|---|---|---|---|
| 005 | 20260505112354.0 | ||
| 008 | 260419s1995 ua a|||frm||| 000 0 eng d | ||
| 040 |
_aEG-GICUC _beng _cEG-GICUC _dEG-GICUC _erda |
||
| 041 | 0 |
_aeng _beng _bara |
|
| 049 | _aDeposit | ||
| 097 | _aPh.D | ||
| 099 | _aCai01.03.01.Ph.D.1995.Ma.M. | ||
| 100 | 0 |
_aMaha Mohamed Zein EL-Abdin EL-Ashram, _epreparation. |
|
| 245 | 1 | 0 |
_aMultiobjective Programming Under Randomness And Fuzziness / _cBy Maha Mohamed Zein EL-Abdin EL-Ashram; Supervised Prof. Dr. Nadia Makri Girgis, Prof.Dr. Sang M. Lee. |
| 246 | 1 | 5 | _aالبرمجة متعددة الأهداف في ظل العشوائية والتشويش |
| 264 | 0 | _c1995. | |
| 300 |
_a123 Leaves : _billustrations ; _c30 cm. + |
||
| 336 |
_2rda content _atext |
||
| 337 |
_2rdamedia _aUnmediated |
||
| 338 |
_2rdacarrier _avolume |
||
| 502 | _aThesis (Ph.D)-Cairo University, 1995. | ||
| 504 | _aBibliography: pages 108-123. | ||
| 653 | 0 | _aStatistics | |
| 700 | 0 |
_aNadia Makri Girgis _ethesis advisor. |
|
| 700 | 0 |
_aSang M. Lee _ethesis advisor. |
|
| 900 |
_DDepartment of Statistics _FFaculty of Econnomics And Political Sciences _UCairo University _b1995 _cNadia Makri Girgis _cSang M. Lee |
||
| 905 |
_aEman El gebaly _eNourhan |
||
| 942 |
_2ddc _cTH _e21 _n0 |
||
| 999 | _c179565 | ||